000 00918nam a2200205 a 4500
001 20992
003 CO-ViMGA
008 141112s2004 ck r 000 u spa d
020 _a0716601826
040 _aCO-ViMGA
_bspa
_cCO-ViMGA
082 0 4 _aR031 C445
245 1 0 _aChildcraft :
_bThe how and Why library
260 _aWorld Book childcraft international,
_c1982
300 _a10V
505 _aVolumen 1 Poems and Rhymes Volumen 3 Children everywhere Volumen 6 The green kimgdom Volumen 8 Abouts Us Volumen 9 Holidays and Birthdays Volumen 10 Places to know Volumen 12 Look and Learn Volumen 13 Mathemagic Volumen 14 About me Volumen 15 Guide for parents
590 _aForma de adquisición : Donación - - Precio : 1000000 - - Fecha de adquisición : Noviembre 2006
650 1 4 _aENCICLOPEDIAS Y DICCIONARIOS ESTADOUNIDENSES
_93276
650 1 4 _aENCICLOPEDIAS Y DICCIONARIOS PARA NIÑOS
_93277
942 _2ddc
_cBK
999 _c9842
_d9842